000 00980nam a22002057a 4500
005 20250915151836.0
008 241114b |||||||| |||| 00| 0 eng d
082 _aDPer 647.95 J826 January-December 2021 v. 24 n. 1-6
100 _aNajar, Ashaq Hussain.
_eauthor.
_964110
245 _aMediating role of guest's attitude toward the impact of UGC benefits on purchase intention of restaurants; :
_bextending social action and control theories /
_cAshaq Hussain Najar, and Abdul Hamid Rather.
260 _aUSA ;
_bTaylor and Francis Group, LLC ,
_cMay-June 2021.
300 _aVolume 24, pages 249-273 :
_billustration ;
_c26 cm.
500 _aJournal of Foodservice Business Research, vol. 24, no. 3, pages 249-273, May-June 2021.
650 0 _aGuest attitude.
_967467
650 0 _aHotel restaurants.
_967468
650 0 _aPurchase intention.
_967469
700 _aNajar, Ashaq Hussain.
_eauthor.
_964110
700 _aRather, Abdul Hamid.
_eauthor.
_964111
942 _2ddc
_cPER
999 _c23210
_d23210